000 00484cam a2200181ua 4500
001 1679
008 110716n ii |||gr||||Z||||||eng
040 _cMAIN
082 _a354.2794
100 _aed. by Cheema, G. Shabbir,
_eAuthor.
245 1 _aRural development in asia
_ced. by G Shabbir Cheema
250 _a1st.
260 _aNew Delhi:
_bSterling Publishers pvt Ltd.
300 _avi; 268p:
_c23cm.
653 _aEconomic
653 _aRural development in asia
942 _cBK
999 _c1566
_d1566